000 00691nam a2200181Ia 4500
008 090630s9999 xx 000 0 und d
082 _b21675
100 _aटिळेकर चंद्रसेन.
245 _aप्रश्नोत्तर संगणक.
_cटिळेकर चंद्रसेन.
260 _bदिलीपराज- पुणे.
_c2002
300 _a62
600 _aटिळेकर चंद्रसेन.
630 _aप्रश्नोत्तर संगणक.
655 _aइतर.
700 _aटिळेकर चंद्रसेन.
730 _aप्रश्नोत्तर संगणक.
942 _cBOOK
999 _c273531
_d273531